European journal of forest research

Bibliographic Details
Previous Title:Forstwissenschaftliches Centralblatt (Berlin, Germany : 1948 : Online)
Format: Electronic Journal
Language:English
Published: Heidelberg, Germany : Springer-Verlag Heidelberg
Subjects:
Online Access:Full text available from Research Library: 08/01/2003 to 1 year ago

MARC

LEADER 00000nas a2200000 a 4500
001 ssj0028988
003 WaSeSS
005 20200512172242.0
006 m d
007 cr n
008 040223c20049999gw br pss 0 a0eng c
010 |a  2004233506 
016 7 |a 013114014  |2 Uk 
022 |a 1612-4677  |l 1612-4669  |y 1612-4669 
035 |a (WaSeSS)ssj0028988 
040 |a HNK  |b eng  |e pn  |c HNK  |d GUA  |d EEM  |d MUQ  |d CGU  |d OCL  |d OCLCQ  |d MYG  |d UKMGB  |d OCLCQ  |d OCLCF  |d VT2  |d OCLCQ  |d EZC  |d NTG  |d AU@  |d NJT  |d DLC  |d WaSeSS 
042 |a pcc 
050 0 0 |a SD356 
082 0 4 |a 634.9072 
130 0 |a European journal of forest research (Online) 
245 1 0 |a European journal of forest research  |h [electronic resource]. 
246 3 0 |a Forest research 
260 |a Heidelberg, Germany :  |b Springer-Verlag Heidelberg 
310 |a Bimonthly,  |b 2008- 
321 |a Quarterly 
500 |a Issues are published online first. 
506 |a License restrictions may limit access. 
515 |a Some vols. combined. 
538 |a Mode of access: World Wide Web. 
588 |a Description based on: Vol. 123, no. 1 (Apr. 2004); title from contents screen (publisher's Web site, viewed May 21, 2004). 
588 |a Latest issue consulted: Vol. 138, no. 4 (Aug. 2019) (SpringerLink website, viewed Aug. 12, 2019). 
650 0 |a Forests and forestry  |x Research  |v Periodicals. 
650 6 |a Foresterie  |v Périodiques. 
650 7 |a Forests and forestry  |x Research.  |2 fast  |0 (OCoLC)fst00932741 
655 0 |a Electronic journals. 
776 1 |t European journal of forest research  |x 1612-4669  |w (DLC) 2004252533  |w (OCoLC)55859513 
780 0 0 |t Forstwissenschaftliches Centralblatt (Berlin, Germany : 1948 : Online)  |x 1439-0337  |w (DLC) 2002262046  |w (OCoLC)49797930 
850 |a DLC 
853 2 0 |8 1  |a v.  |b no.  |u 4  |v r  |i (year)  |j (month)  |w q 
856 4 0 |z Full text available from Research Library: 08/01/2003 to 1 year ago  |u https://search.proquest.com/publication/54392 
863 4 1 |8 1.1  |a <123>  |b <1>  |i <2004>  |j <04>